The durable slum : (Record no. 90078)

MARC details
000 -LEADER
fixed length control field 03001nam a22002657a 4500
005 - DATE AND TIME OF LATEST TRANSACTION
control field 20141201115252.0
010 ## - LCCN (DPL NO)
LC control number ENG-111244
020 ## - INTERNATIONAL STANDARD BOOK NUMBER
International Standard Book Number 9788125055082
Terms of availability 695.00
035 ## - SYSTEM CONTROL NUMBER
System control number EN-94776
037 ## - SOURCE OF ACQUISITION
Source of stock number/acquisition DBAD/PUB
082 ## - DEWEY DECIMAL CLASSIFICATION NUMBER
Classification number 307.33640954792
100 ## - MAIN ENTRY--PERSONAL NAME
Personal name Weinstein, Liza
245 ## - TITLE STATEMENT
Title The durable slum :
Statement of responsibility, etc by Liza Weinstein
Remainder of title Dharavi and the right to stay put in globalizing Mumbai /
260 ## - PUBLICATION, DISTRIBUTION, ETC. (IMPRINT)
Place of publication, distribution, etc New Delhi
Name of publisher, distributor, etc Orient Blackswan
Date of publication, distribution, etc 2014
270 ## - ADDRESS
Address 1/24, Asaf Ali Road
City New Delhi
Postal code 110002
300 ## - PHYSICAL DESCRIPTION
Extent xvi, 216p. :
Dimensions 23cm(Hb)
Other physical details ill.
500 ## - GENERAL NOTE
General note Includes bibliographical references and index
505 ## - FORMATTED CONTENTS NOTE
Formatted contents note Machine generated contents note: -- Contents -- Preface -- Abbreviations -- Introduction: A Mansion in the Slum -- 1. Becoming Asia's Largest Slum -- 2. State Interventions and Fragmented Sovereignties -- 3. From Labor to Land: An Emerging Political Economy -- 4. Political Entrepreneurship and Enduring Fragmentations -- 5. The Right to Stay Put -- Conclusion: Precarious Stability -- Acknowledgments -- Notes -- Bibliography -- Index.
520 ## - SUMMARY, ETC.
Summary, etc " In the center of Mumbai, next to the city's newest and most expensive commercial developments, lies one of Asia's largest slums, where as many as one million squatters live in makeshift housing on one square mile of government land. This is the notorious Dharavi district, best known from the movie Slumdog Millionaire. In recent years, cities from Delhi to Rio de Janeiro have demolished similar slums, at times violently evicting their residents, to make way for development. But Dharavi and its residents have endured for a century, holding on to what is now some of Mumbai's most valuable land. In The Durable Slum, Liza Weinstein draws on a decade of work, including more than a year of firsthand research in Dharavi, to explain how, despite innumerable threats, the slum has persisted for so long, achieving a precarious stability. She describes how economic globalization and rapid urban development are pressuring Indian authorities to eradicate and redevelop Dharavi--and how political conflict, bureaucratic fragmentation, and community resistance have kept the bulldozers at bay. Today the latest ambitious plan for Dharavi's transformation has been stalled, yet the threat of eviction remains, and most residents and observers are simply waiting for the project to be revived or replaced by an even grander scheme. Dharavi's remarkable story presents important lessons for a world in which most population growth happens in urban slums even as brutal removals increase. From Nairobi's Kibera to Manila's Tondo, megaslums may be more durable than they appear, their residents retaining a fragile but hard-won right to stay put. "-- |c Provided by publisher.
650 ## - SUBJECT ADDED ENTRY--TOPICAL TERM
Topical term or geographic name as entry element Slums
Geographic subdivision India
-- Mumbai.
650 ## - SUBJECT ADDED ENTRY--TOPICAL TERM
Topical term or geographic name as entry element SOCIAL SCIENCE / Sociology / Urban.
650 ## - SUBJECT ADDED ENTRY--TOPICAL TERM
Topical term or geographic name as entry element SOCIAL SCIENCE / Anthropology / Cultural.
650 ## - SUBJECT ADDED ENTRY--TOPICAL TERM
Topical term or geographic name as entry element HISTORY / Asia / India & South Asia.
942 ## - ADDED ENTRY ELEMENTS (KOHA)
Source of classification or shelving scheme Dewey Decimal Classification
Item type English Books
Call number suffix WEI
Classification part 307.33640954792
Holdings
Withdrawn status Lost status Not for loan Collection code Home library Current library Date acquired Source of acquisition Cost, normal purchase price Full call number Barcode Copy number Cost, replacement price Koha item type
    Not For Loan Non-fiction D.B.Act.Division D.B.Act.Division 17/11/2014 DBAD/PUB 695.00 307.33640954792 WEI EN-94776 1 695.00 English Books

© Delhi Public Library
Hit Counter
free hit counter